000 00588cam a2200145 4500500
005 20251012020713.0
041 _afre
042 _adc
100 1 0 _ad'Arienzo, María
_eauthor
245 0 0 _aPatrimonio culturale di interesse religioso in Italia. La tutela dopo l'Intesa del 26 gennaio 2005, Michele Madonna (dir.), Marcianum Press, Venise, 2007, 279 p.
260 _c2007.
500 _a11
786 0 _nL'Année canonique | XLIX | 1 | 2007-02-11 | p. 528-532 | 0570-1953
856 4 1 _uhttps://shs.cairn.info/revue-l-annee-canonique-2007-1-page-528?lang=fr&redirect-ssocas=7080
999 _c1536572
_d1536572